00638nam a22002297a 450000500170000001000150001702000260003203500130005803500170007103500130008803700130010103700170011403700190013108200110015010000240016124500680018525000120025326000300026527000690029530000250036450000190038920170515110318.0 aENG-109915 a9788120349087c695.00 aEN-93448 aB-536935-955 aB-663834 bDBAD/PUB bUBH/Venadpl bBookwell adpl a657.42 aBanerjee, Bhabatosh00aCost accounting :cby Bhabatosh Banerjeebtheory and practice / a13th ed aDelhibPHI Learningc2014 aRimjhim House, 111, Patparganj Industrial Estate bDelhie110092 axx,1044p.c24cm(pbk) aIncludes index